logo

Bir Sreshtho Munshi Abdur Rouf Library
Jhenaidah Cadet College

Brain Games: (Record no. 13457)

MARC details
000 -LEADER
fixed length control field 00683nam a2200217 a 4500
001 - CONTROL NUMBER
JCCL Control Number 13457
003 - CONTROL NUMBER IDENTIFIER
JCCL marc code BD-JhCC
005 - DATE AND TIME OF LATEST TRANSACTION
control field 20231003115123.0
008 - FIXED-LENGTH DATA ELEMENTS--GENERAL INFORMATION
fixed length control field 231003b2021 ii a|||| ||a| 000 0 eng d
020 ## - INTERNATIONAL STANDARD BOOK NUMBER
International Standard Book Number 9789352769506
035 ## - SYSTEM CONTROL NUMBER
system control number (BD-JhCC)13457
040 ## - CATALOGING SOURCE
Original cataloging agency BD-JhCC
Modifying agency BD-JhCC
041 ## - LANGUAGE CODE
Language code of Book english
082 ## - DEWEY DECIMAL CLASSIFICATION NUMBER
Classification number 371.397
Author mark and Year JAC 2021
100 ## - MAIN ENTRY--PERSONAL NAME
Personal name Umstatter, Jack
245 ## - TITLE STATEMENT
Title Brain Games:
Remainder of title To Improve Memory Activity Book 1-6 /
Statement of responsibility, etc Jack Umstatter.
260 ## - PUBLICATION, DISTRIBUTION, ETC. (IMPRINT)
Place of publication, distribution, etc India:
Name of publisher, distributor, etc OM kidz;
Date of publication, distribution, etc 2021.
300 ## - PHYSICAL DESCRIPTION
Pagination 90 p. :
Other physical details ill;
Dimensions 26 cm.
650 ## - SUBJECT ADDED ENTRY--TOPICAL TERM
Topical term or geographic name as entry element Thought and thinking--Study and teaching (Elementary)
General subdivision Word games
Chronological subdivision Creative activities and seat work
Geographic subdivision Educational games
942 ## - ADDED ENTRY ELEMENTS (KOHA)
Source of classification or shelving scheme Dewey Decimal Classification
Koha item type Books
Holdings
Source of classification or shelving scheme Damaged status Not for loan Home library Current library Shelving location Date of accession Call number prefix Total Checkouts Full call number Barcode Date last seen Copy number Method of acquisition Koha item type Currency
Dewey Decimal Classification     JCC Rouf Library JCC Rouf Library General Stacks 10/03/2023 440   371.397 JAC 2021 18347 10/03/2023 C-1 Purchase Books BDT

JCC Library | Contacts | JCC Home

Last Update on 23 September 2017
Copyright @ 2017-2020 JCC Rouf Library
Rouf Library, Jhenidah Cadet College (JCC), Bangladesh